000 00782nam a2200229Ia 4500
003 OSt
005 20260122121711.0
008 220923b |||||||| |||| 00| 0 eng d
020 _a9780821378380
037 _cGeneral Book
040 _aRTL
_cRTL
_beng
041 _2eng
_aeng
084 _aY:434.2.P, P9.3
_qRTL
245 0 _aMoving out of poverty: the promise of empowerment and democracy in India
260 _aNew York
_bPalgrave Macmillan
_c2009
300 _axxviii, 471 p.
_bIncludes bibliographical references and index.
490 _v Vol. 3
650 _aSociology
_91104499
700 _aNarayan Deepa
_eEditor
_91104500
942 _hY:434.2.P, P9.3
_cGB
_2CC
_n0
999 _c631715
_d631715